000 00348nam a2200121Ia 4500
008 220217s9999||||xx |||||||||||||| ||und||
082 _a894.814 3 VIV
100 _aVivekananda kendra prakasana
_93831
245 0 _aYoga, asanagalu, Pranayama mudregalu
260 _aKendra vivekananda
_bMysore
_c2003
300 _b30
650 _aGENERAL BOOKS
999 _c172976
_d172976